[Event "Memorial Edward Troutman"]
[Site "Rio de Janeiro | BRA"]
[Date "2016.11.17"]
[Round "4.6"]
[White "Frota, Alvaro"]
[Black "Saldanha, Adriano"]
[Result "1/2-1/2"]
[WhiteElo "2146"]
[BlackElo "1631"]

1. e4 e5 2. Nf3 d6 3. d4 exd4 4. Qxd4 Nf6 5. Nc3 Be7 6. Bg5 O-O 7. O-O-O Nc6
8. Qd2 Be6 9. h3 Nb4 10. b3 a5 11. Nd4 c6 12. a3 d5 13. Nxe6 fxe6 14. e5 Nd7
15. Bxe7 Qxe7 16. axb4 Qxb4 17. Nb1 Qb6 18. Qd4 c5 19. Qa4 Qc7 20. f4 Nb6 21.
Qb5 Rxf4 22. Qe2 a4 23. g3 Rb4 24. Kd2 axb3 25. Nc3 Nc4+ 26. Ke1 bxc2 27. Rc1
{#d} 1/2-1/2

[Event "Memorial Edward Troutman"]
[Site "Rio de Janeiro | BRA"]
[Date "2016.11.16"]
[Round "4.7"]
[White "Alves Rolim, Carlos"]
[Black "da Luz, Luis Alberto"]
[Result "0-1"]
[WhiteElo "1925"]
[BlackElo "1537"]

1. c4 Nf6 2. d4 c6 3. Nc3 d5 4. Nf3 e6 5. Bg5 Be7 6. e3 O-O 7. a3 dxc4 8. Bxc4
Nd5 9. Bxe7 Qxe7 10. e4 Nxc3 11. bxc3 Nd7 12. e5 Nb6 13. Bd3 c5 14. Qc2 h6 15.
O-O Bd7 16. Be4 Ba4 17. Qe2 c4 18. Nd2 Rac8 19. f4 Nd5 20. Rf3 f5 21. Bb1 Be8
22. Qf2 Ba4 23. Ba2 Qxa3 24. Nb1 Qc1+ 25. Qf1 Qb2 26. Na3 Qxa3 27. Bxc4 Qb2
28. Bxd5 exd5 29. Rxa4 Rxc3 30. Rf2 Qb6 31. Qd1 Rfc8 32. Ra1 R8c4 33. Rd2 Qc7
34. Kf2 b5 35. g4 Qe7 36. gxf5 Qh4+ 37. Kg2 Qh3+ 38. Kh1 Qxf5 39. Rxa7 Rc1 40.
Ra1 Rxd1+ 41. Raxd1 Qxf4 42. Kg2 Qg4+ 43. Kh1 b4 44. Rg1 Qe4+ 45. Rdg2 Rc2 46.
h3 Rxg2 47. Rxg2 {#R} 0-1

[Event "Memorial Edward Troutman"]
[Site "Rio de Janeiro | BRA"]
[Date "2016.11.18"]
[Round "4.8"]
[White "Weibull, Oscar"]
[Black "Pereira, Emmanuel"]
[Result "0-1"]
[WhiteElo "1521"]
[BlackElo "1684"]

1. d4 Nf6 2. c4 g6 3. Nc3 d5 4. cxd5 Nxd5 5. e4 Nxc3 6. bxc3 c5 7. Nf3 Bg7 8.
Be3 O-O 9. Be2 cxd4 10. Bxd4 Nc6 11. Bxg7 Kxg7 12. Qc2 b6 13. O-O Qc7 14. h4
h5 15. Rad1 Bb7 16. Rfe1 Rfd8 17. Rxd8 Rxd8 18. Bc4 Ne5 19. Nxe5 Qxe5 20. Bd3
Rc8 21. Rc1 Qf4 22. g3 Qf3 23. Re1 Qf6 24. Rc1 Qc6 25. Qe2 f5 26. f3 Qc5+ 27.
Kh2 Qa3 28. Qd2 Rd8 29. exf5 Bxf3 30. Re1 Rxd3 31. Qc2 Qxc3 32. Qxc3+ Rxc3 33.
Rxe7+ Kf6 34. Re6+ Kxf5 35. Re8 Rc2+ 36. Kg1 Rxa2 37. Rf8+ Kg4 38. Rf6 Be4 39.
Rf4+ Kxg3 40. Rf2 Ra1+ 41. Rf1 Rxf1+ 42. Kxf1 {#R} 0-1

[Event "Memorial Edward Troutman"]
[Site "Rio de Janeiro | BRA"]
[Date "2016.11.16"]
[Round "4.9"]
[White "Tiomno, Luiz Sergio"]
[Black "Faraco, Pedro"]
[Result "0-1"]
[WhiteElo "1646"]
[BlackElo "1431"]

1. e4 c5 2. c3 e6 3. Nf3 Nf6 4. d3 Be7 5. Be2 O-O 6. h3 Nc6 7. Bf4 d5 8. Qc2
Nd7 9. Nbd2 Bf6 10. Bh2 d4 11. c4 e5 12. O-O Bg5 13. a3 Bxd2 14. Qxd2 Re8 15.
b4 b6 16. b5 Na5 17. Qd1 f6 18. Rb1 Nf8 19. Nd2 Ne6 20. Bg4 g5 21. Qf3 Ng7 22.
Bxc8 Rxc8 23. Bg3 Ne6 24. h4 h6 25. Kh2 Rc7 26. h5 Rf7 27. Rh1 Nb7 28. Kg1 Nd6
29. Bh2 Qd7 30. g4 Nf4 31. Bxf4 exf4 32. Qd1 Rfe7 33. f3 Kg7 34. a4 Nb7 35.
Nb3 Ra8 36. Ra1 Ree8 37. a5 Nd6 38. Rh2 Nf7 39. axb6 axb6 40. Rha2 Qb7 41. Nd2
Ne5 42. Nf1 Rxa2 43. Rxa2 Ra8 44. Rxa8 Qxa8 45. Kg2 Qa3 46. Qc2 Nxd3 47. Kg1
Ne1 48. Qe2 Nxf3+ 49. Kh1 Ne5 50. Nd2 Qh3+ 51. Qh2 Qxg4 52. Nb3 Qd1+ 53. Kg2
Qxb3 54. Kh1 Qd1+ {#R} 0-1

[Event "Memorial Edward Troutman"]
[Site "Rio de Janeiro | BRA"]
[Date "2016.11.16"]
[Round "4.10"]
[White "Luz da Costa, Carlos Henrique"]
[Black "Von Calmbach, Guilherme"]
[Result "1/2-1/2"]
[WhiteElo "1593"]
[BlackElo "1624"]

1. c4 g6 2. Nc3 Bg7 3. g3 Nf6 4. Bg2 O-O 5. d4 c6 6. e3 d6 7. Nge2 Na6 8. O-O
Rb8 9. a3 Nc7 10. b4 Bd7 11. a4 a6 12. Qc2 Qc8 13. Rb1 Bh3 14. Bd2 Bxg2 15.
Kxg2 b5 16. axb5 axb5 17. c5 d5 18. Ra1 h5 19. h3 Re8 20. Ra2 Na6 21. Qb2 e5
22. Rfa1 Ra8 23. Ra5 Qb7 24. Qa3 Nc7 25. Ra7 Qxa7 26. Qxa7 Rxa7 27. Rxa7 Ne6
28. Ra6 Nd8 29. dxe5 Ne4 30. Nxe4 dxe4 31. Nd4 Bxe5 32. Nxc6 Re6 33. Ra8 Rxc6
34. Rxd8+ Kg7 35. Ra8 Kf6 36. Ra5 Ke6 37. Rxb5 Kd5 38. Rb7 Rc7 39. Rxc7 Bxc7
40. f3 f5 41. fxe4+ fxe4 42. g4 Kc4 43. Kf1 Bd8 44. Ke1 Be7 45. Kd1 Bd8 46.
Kc2 Be7 47. Kb2 Bf6+ 48. Ka3 Kb5 49. Kb3 Bg5 50. c6 Bd8 51. Bc3 Bc7 52. Bd4
Bd6 53. Bc5 Bc7 54. Kc3 Be5+ 55. Bd4 Bc7 56. Bf6 Bb6 57. Bd8 Bxd8 58. Kd4 Kxc6
59. Kxe4 Kd6 60. gxh5 gxh5 61. Kf5 Bh4 62. b5 Bf2 63. e4 Ke7 64. Kg5 h4 65. b6
Bxb6 66. Kxh4 Bd4 {#d} 1/2-1/2

[Event "Memorial Edward Troutman"]
[Site "Rio de Janeiro | BRA"]
[Date "2016.11.22"]
[Round "5.1"]
[White "Lima, Juarez"]
[Black "Soares, Estevao Luis"]
[Result "0-1"]
[WhiteElo "1989"]
[BlackElo "2032"]

1. e4 g6 2. Nc3 Bg7 3. Nf3 d6 4. Bc4 Nf6 5. O-O O-O 6. Be2 e5 7. d3 Nbd7 8.
Bd2 c6 9. Qc1 Re8 10. b3 Nh5 11. Rb1 Nc5 12. Ne1 Nf4 13. Bf3 Nce6 14. Be3 d5
15. Ne2 Qf6 16. Kh1 d4 17. Bd2 h5 18. Ng1 Nf8 19. Qd1 Kh7 20. g3 Nh3 21. Qe2
Nxg1 22. Rxg1 Ne6 23. h4 Nf4 24. Bxf4 exf4 25. Kg2 fxg3 26. fxg3 Bh6 27. Rf1
Qe6 28. Rh1 f5 29. Kf1 f4 30. gxf4 Bxf4 31. Ng2 Bh6 32. Ke1 a5 33. Rf1 Bd7 34.
Kd1 a4 35. Ne1 axb3 36. cxb3 Rf8 37. Rb2 Qd6 38. Nc2 Qf4 39. Rb1 Rxa2 40. Bg2
Qxh4 41. Rxf8 Bxf8 42. Qf1 Bg4+ 43. Bf3 Qf6 44. Ne1 Bb4 45. Qh1 Qf4 {#R} 0-1

[Event "Memorial Edward Troutman"]
[Site "Rio de Janeiro | BRA"]
[Date "2016.11.22"]
[Round "5.2"]
[White "Pinon, Antonio Marcos"]
[Black "Murilo, Sergio"]
[Result "0-1"]
[WhiteElo "1833"]
[BlackElo "1928"]

1. d4 Nf6 2. c4 e5 3. dxe5 Ng4 4. Nf3 Nc6 5. Bf4 Bb4+ 6. Nc3 Qe7 7. Qd5 Bxc3+
8. bxc3 Qa3 9. Qd2 h5 10. e3 g5 11. Bxg5 d6 12. exd6 cxd6 13. Be2 Nge5 14.
Nxe5 dxe5 15. Rd1 Be6 16. Bf3 O-O 17. O-O f6 18. Bh4 Bxc4 19. Bd5+ Bxd5 20.
Qxd5+ Kg7 21. Qb5 Rf7 22. Rd3 Qxa2 23. e4 Qe6 24. Rfd1 Kh7 25. Rg3 Rg8 26. Qe2
Rg4 27. Rxg4 Qxg4 28. Qxg4 hxg4 29. Kf1 Kg6 30. Ke2 f5 31. exf5+ Kxf5 32. f3
gxf3+ 33. gxf3 Ke6 34. Bg3 Rd7 35. Rg1 Kf5 36. Ke3 Na5 37. Be1 Nc4+ 38. Ke2 b5
39. h4 a5 40. Rg5+ Kf6 41. f4 a4 42. h5 a3 43. Kf3 a2 44. Rg6+ Kf5 45. Rg5+
Kf6 46. Bh4 Ra7 47. Rg6+ Kf7 48. Rf6+ Kg8 49. Rg6+ Kh7 50. Bg5 a1=Q 51. Rh6+
Kg8 52. Rg6+ Rg7 {#R} 0-1

[Event "Memorial Edward Troutman"]
[Site "Rio de Janeiro | BRA"]
[Date "2016.11.22"]
[Round "5.3"]
[White "Rabello, David"]
[Black "Madeu, Fernando"]
[Result "0-1"]
[WhiteElo "1838"]
[BlackElo "2012"]

1. e4 e5 2. Bc4 Nc6 3. Nf3 Nf6 4. O-O Nxe4 5. Re1 d5 6. Bb5 Bd7 7. d3 Nc5 8.
Bxc6 bxc6 9. Nxe5 Be7 10. Bg5 Ne6 11. Bxe7 Qxe7 12. d4 O-O 13. Nd2 f6 14. Nef3
Qf7 15. Nb3 Qh5 16. Qd2 Rae8 17. Qa5 Qg4 18. h3 Qg6 19. Qd2 Qf5 20. Nc5 Nxc5
21. dxc5 Re4 22. Rxe4 dxe4 23. Nd4 Qg6 24. Kh2 f5 25. Qf4 Qf6 26. c3 Qd8 27.
Rd1 g5 28. Qe3 Qe7 29. Nb3 Qe5+ 30. Kg1 f4 31. Qd4 Qxd4 32. Rxd4 Bf5 33. Na5
Rf6 34. Nc4 Re6 35. Kf1 Kf7 36. Ke2 Ke7 37. b3 h5 38. Rd1 g4 39. h4 g3 40. Rf1
Bg4+ 41. Kd2 gxf2 42. Kc2 e3 {#R} 0-1

[Event "Torneio Memorial Edward Troutman"]
[Site "ALEX - Rio de Janeiro"]
[Date "2016.11.22"]
[Round "5.4"]
[White "Pereira, Emmanuel"]
[Black "de Oliveira Lima, Alexandre"]
[Result "1-0"]
[WhiteElo "1684"]
[BlackElo "1895"]

1. e4 c5 2. b4 cxb4 3. d4 e6 4. a3 Nf6 5. e5 Nd5 6. axb4 Bxb4+ 7. Bd2 Bxd2+ 8.
Qxd2 Nc6 9. Nf3 d6 10. exd6 Qxd6 11. c3 O-O 12. Bd3 Nf4 13. Bc2 e5 14. Na3
exd4 15. O-O Ng6 16. cxd4 Bg4 17. Be4 Rfe8 18. Nc4 Qd7 19. Rfe1 f5 20. Bxc6
Rxe1+ 21. Rxe1 Qxc6 22. Nfe5 Nxe5 23. Nxe5 Qd6 24. Qa2+ {#r} 1-0

[Event "Memorial Edward Troutman"]
[Site "Rio de Janeiro | BRA"]
[Date "2016.11.22"]
[Round "5.5"]
[White "da Luz, Luis Alberto"]
[Black "Ramos Simoes, Leo"]
[Result "0-1"]
[WhiteElo "1537"]
[BlackElo "2016"]

1. d4 d5 2. c4 c6 3. Nc3 Nf6 4. Bg5 dxc4 5. e4 b5 6. e5 Nd5 7. a3 h6 8. Bd2
Bf5 9. g4 Nxc3 10. bxc3 Be4 11. f3 Bh7 12. Bf4 e6 13. Qd2 Nd7 14. Nh3 Nb6 15.
Nf2 Nd5 16. Bg3 Qa5 17. Be2 Qxc3 18. Qxc3 Nxc3 19. Kd2 Nd5 20. Ne4 Rd8 21.
Rhc1 Be7 22. a4 Bb4+ 23. Nc3 Nxc3 24. Rxc3 Rxd4+ 25. Ke3 Bxc3 26. Ra3 Bb2 27.
Ra2 c3 28. Kxd4 c2+ {#R} 0-1

[Event "Memorial Edward Troutman"]
[Site "Rio de Janeiro | BRA"]
[Date "2016.11.22"]
[Round "5.6"]
[White "Faria, Daniel"]
[Black "Faraco, Pedro"]
[Result "1-0"]
[WhiteElo "1556"]
[BlackElo "1431"]

1. b3 d5 2. Bb2 e6 3. e3 Nf6 4. c4 Be7 5. Nf3 O-O 6. a3 Nbd7 7. Be2 b6 8. Qc2
Bb7 9. d3 Rc8 10. cxd5 Nxd5 11. Nbd2 N7f6 12. O-O c5 13. Ne5 Bd6 14. g4 Qc7
15. Ndc4 Nd7 16. Nxd6 Qxd6 17. Nf3 N5f6 18. h3 h5 19. Qc3 hxg4 20. hxg4 Bxf3
21. Bxf3 e5 22. Kg2 Qe6 23. Qc4 Qxc4 24. dxc4 e4 25. Be2 Rcd8 26. g5 Nh7 27.
Rh1 Nxg5 28. Rh5 f6 29. Rah1 Kf7 30. f4 Ne6 31. Bc3 g6 32. Rh7+ Ng7 33. f5 Rg8
34. fxg6+ Kxg6 35. R1h6+ Kf7 36. Kg3 Kf8 37. Kf4 Ne6+ 38. Kxe4 Ng5+ 39. Kf5
Nxh7 40. Rxh7 Rg5+ 41. Kf4 Kg8 42. Rh3 Kg7 43. Bd3 Rh8 44. Rxh8 Kxh8 45. Bxf6+
Rg7 46. Bxg7+ Kxg7 47. Bf5 Nf8 48. Ke5 Kf7 49. Kd6 Kf6 50. e4 Ng6 51. Kc7 Ne7
52. Kb8 Nxf5 53. exf5 Kxf5 54. Kxa7 Ke4 55. Kxb6 Kd4 56. a4 Kc3 57. a5 {#r}
1-0

[Event "Memorial Edward Troutman"]
[Site "Rio de Janeiro | BRA"]
[Date "2016.11.22"]
[Round "5.10"]
[White "Von Calmbach, Guilherme"]
[Black "Weibull, Oscar"]
[Result "1-0"]
[WhiteElo "1624"]
[BlackElo "1521"]

1. d4 d5 2. e3 Nf6 3. Bd3 e6 4. f4 c5 5. c3 Ne4 6. Nf3 c4 7. Bc2 Be7 8. O-O h5
9. Nbd2 f5 10. Ne5 g5 11. Ng6 Rh6 12. Nxe4 dxe4 13. Ne5 Qd5 14. fxg5 Bxg5 15.
b3 b5 16. bxc4 bxc4 17. Qe2 Nd7 18. Ba4 Ke7 19. Bc6 Qa5 20. Bxa8 Nxe5 21. dxe5
Qxe5 22. Ba3+ Kf6 23. Qxc4 Bxe3+ 24. Kh1 Rh8 25. Bxe4 h4 26. Qd3 f4 27. Qxe3
{#r} 1-0

[Event "Memorial Edward Troutman"]
[Site "Rio de Janeiro | BRA"]
[Date "2016.11.29"]
[Round "6.1"]
[White "Soares, Estevao Luis"]
[Black "Murilo, Sergio"]
[Result "1-0"]
[WhiteElo "2032"]
[BlackElo "1928"]

1. e4 e6 2. d4 d5 3. Nc3 Nf6 4. e5 Nfd7 5. f4 c5 6. Nf3 Nc6 7. Be3 Qb6 8. Na4
Qa5+ 9. c3 cxd4 10. b4 Nxb4 11. cxb4 Bxb4+ 12. Bd2 b5 13. Nb2 Ba6 14. Nxd4 Rc8
15. a3 Bc3 16. Nb3 Qb6 17. Bxc3 Rxc3 18. Nd4 O-O 19. Be2 Rfc8 20. O-O g6 21.
Kh1 Nc5 22. a4 b4 23. Bxa6 Nxa6 24. a5 Qb7 25. Qe2 Rb8 26. Na4 Rc4 27. Rfd1
Qd7 28. Nb2 Qc7 29. Nxc4 dxc4 30. Rdc1 Rc8 31. Nb5 Qd8 32. Rxc4 Rb8 33. Rc6
Qd5 34. Rxa6 Rxb5 35. Rd6 Qc5 36. Rd8+ Kg7 37. Qd2 Rxa5 38. Rxa5 Qxa5 39. h3
Qa1+ 40. Kh2 g5 41. Qxb4 {#r} 1-0

[Event "Memorial Edward Troutman"]
[Site "Rio de Janeiro | BRA"]
[Date "2016.11.29"]
[Round "6.2"]
[White "Madeu, Fernando"]
[Black "Pinon, Antonio Marcos"]
[Result "1-0"]
[WhiteElo "2012"]
[BlackElo "1833"]

1. e4 g6 2. d4 Bg7 3. Nc3 d6 4. Nf3 a6 5. Be2 b5 6. a3 Bb7 7. O-O Nd7 8. Be3
Ngf6 9. d5 O-O 10. Nd4 Nc5 11. f3 e5 12. dxe6 Nxe6 13. Qd2 Nh5 14. f4 Nhxf4
15. Rxf4 Nxd4 16. Bxd4 Bh6 17. Rxf7 Rxf7 18. Qxh6 c5 19. Be3 Qe7 20. Rf1 Rxf1+
21. Bxf1 Re8 22. Bg5 Qe5 23. Qh4 b4 24. Bc4+ d5 25. Nxd5 Qd4+ 26. Ne3+ Kg7 27.
c3 bxc3 28. bxc3 Qd6 29. Bd5 Bc8 30. Ng4 Bxg4 31. Qxg4 c4 32. Qf4 Qb6+ 33. Qe3
Qb1+ 34. Kf2 Rf8+ 35. Kg3 Qd3 36. Bh6+ {#r} 1-0

[Event "Memorial Edward Troutman"]
[Site "Rio de Janeiro | BRA"]
[Date "2016.11.29"]
[Round "6.3"]
[White "Ramos Simoes, Leo"]
[Black "Lima, Juarez"]
[Result "1-0"]
[WhiteElo "2016"]
[BlackElo "1989"]

1. Nf3 d5 2. g3 Nc6 3. d4 Nf6 4. Bg2 h6 5. O-O Bf5 6. h3 e6 7. c4 Be7 8. Nc3
O-O 9. cxd5 Nxd5 10. Nxd5 exd5 11. Bd2 Bf6 12. Bc3 Re8 13. Re1 a5 14. Qb3 Rb8
15. Ne5 Bxe5 16. dxe5 d4 17. Rad1 Qe7 18. Bxd4 Nxe5 19. Qc3 b6 20. e4 Bh7 21.
f4 Nd7 22. Bxg7 h5 23. Bd4 c5 24. Bf2 f6 25. e5 f5 26. Bd5+ Kg7 27. Bc6 Nf8
28. Bxe8 Rxe8 29. Rd6 Rb8 30. Red1 Rb7 31. e6+ Kh6 32. Qe5 Bg6 33. Be3 a4 34.
Qh8+ Bh7 35. Qxf8+ Qxf8 36. e7+ {#r} 1-0

[Event "Memorial Edward Troutman"]
[Site "Rio de Janeiro | BRA"]
[Date "2016.11.29"]
[Round "6.4"]
[White "Pereira, Emmanuel"]
[Black "Faria, Daniel"]
[Result "0-1"]
[WhiteElo "1684"]
[BlackElo "1556"]

1. Nf3 Nf6 2. d4 g6 3. Bf4 Bg7 4. e3 c5 5. c3 cxd4 6. exd4 O-O 7. h3 d6 8. Bd3
Nbd7 9. O-O a6 10. a4 b6 11. Nbd2 Bb7 12. Re1 Nh5 13. Bg5 f6 14. g4 fxg5 15.
gxh5 e5 16. hxg6 hxg6 17. Bxg6 Qf6 18. Be4 Bxe4 19. Rxe4 Qh6 20. Qf1 Nf6 21.
Re2 e4 22. Nh2 Qh4 23. Qg2 Nh5 24. Rxe4 Nf4 25. Nhf3 Nxh3+ 26. Kf1 Qh5 27. Rg4
Rxf3 28. Qxf3 Rf8 29. Qd5+ Kh8 30. f3 Nf4 31. Qxg5 Qh1+ 32. Rg1 Qh3+ 33. Ke1
Bh6 34. Qg4 Qh2 35. Kd1 Nd3 36. Rg2 Nf2+ 37. Rxf2 Qxf2 {#R} 0-1

[Event "Memorial Edward Troutman"]
[Site "Rio de Janeiro | BRA"]
[Date "2016.11.29"]
[Round "6.5"]
[White "Frota, Alvaro"]
[Black "Luz da Costa, Carlos Henrique"]
[Result "1-0"]
[WhiteElo "2146"]
[BlackElo "1593"]

1. e4 e6 2. d4 d5 3. Nc3 Nf6 4. Bg5 Be7 5. e5 Nfd7 6. Bxe7 Qxe7 7. f4 O-O 8.
Nf3 c5 9. Bd3 Nc6 10. Bxh7+ Kxh7 11. Ng5+ Kg6 12. Qd3+ f5 13. Qh3 Nf6 14. g4
Bd7 15. exf6 gxf6 16. Qh5+ {#r} 1-0

[Event "Memorial Edward Troutman"]
[Site "Rio de Janeiro | BRA"]
[Date "2016.11.29"]
[Round "6.6"]
[White "de Oliveira Lima, Alexandre"]
[Black "Kemper, Andre"]
[Result "0-1"]
[WhiteElo "1895"]
[BlackElo "1988"]

1. d4 Nf6 2. c4 e6 3. Nf3 Bb4+ 4. Bd2 Qe7 5. g3 O-O 6. Bg2 Bxd2+ 7. Nbxd2 d5
8. Qc2 c5 9. O-O cxd4 10. Nxd4 Nc6 11. N4b3 Bd7 12. cxd5 Nb4 13. Qc5 Qxc5 14.
Nxc5 Nbxd5 15. Nxd7 Nxd7 16. Rfc1 Rac8 17. Ne4 N7f6 18. Nd6 Rcd8 19. Nxb7 Rb8
20. e4 Nxe4 21. Bxe4 Rxb7 22. b3 Rd7 23. Rc5 Nf6 24. Bf3 Rfd8 25. Rac1 Kf8 26.
Kf1 Nd5 27. a3 Ke7 28. b4 Nb6 29. Be2 Kf6 30. Bb5 Rd5 31. Bc6 Rd1+ 32. Rxd1
Rxd1+ 33. Ke2 Ra1 34. Ra5 Ra2+ 35. Kf3 Nc4 36. Rxa7 Ne5+ 37. Kg2 Nxc6 38. Ra6
Nxb4 {#R} 0-1

[Event "Memorial Edward Troutman"]
[Site "Rio de Janeiro | BRA"]
[Date "2016.11.29"]
[Round "6.7"]
[White "da Luz, Luis Alberto"]
[Black "Rabello, David"]
[Result "0-1"]
[WhiteElo "1537"]
[BlackElo "1838"]

1. d4 b6 2. c4 Bb7 3. Nc3 e6 4. a3 Nf6 5. Bg5 Be7 6. Nf3 O-O 7. e3 Ne4 8. Bf4
Nxc3 9. bxc3 d6 10. Be2 Nd7 11. O-O Nf6 12. Nd2 Re8 13. Bf3 d5 14. Re1 Ne4 15.
Nxe4 dxe4 16. Be2 Bd6 17. f3 Bxf4 18. exf4 Qf6 19. g3 Rad8 20. fxe4 Bxe4 21.
Bf3 Bf5 22. Be4 c5 23. Bxf5 exf5 24. Rxe8+ Rxe8 25. Qd2 Re4 26. Rd1 cxd4 27.
cxd4 Qe7 28. Qb4 Qe8 29. Qb1 Re2 30. Qd3 Re3 31. Qxf5 Rxa3 32. Qe5 Qc8 33. Re1
g6 34. Qe8+ Qxe8 35. Rxe8+ Kg7 36. d5 Ra2 37. d6 Rd2 38. Rd8 Kf6 39. Rd7 a5
40. Rb7 Rxd6 41. c5 bxc5 42. Rb5 Ra6 43. Rxc5 a4 44. Rc1 a3 45. Ra1 Kf5 46.
Kf2 Ra4 47. Kf3 a2 48. g4+ Ke6 49. Ke3 Kd5 50. f5 Kc4 51. Kd2 Kb3 52. fxg6
fxg6 53. Ke3 Kb2 54. Rg1 a1=Q 55. Rxa1 Kxa1 56. g5 Rh4 {#R} 0-1

[Event "Memorial Edward Troutman"]
[Site "Rio de Janeiro | BRA"]
[Date "2016.11.29"]
[Round "6.8"]
[White "Faraco, Pedro"]
[Black "Von Calmbach, Guilherme"]
[Result "1-0"]
[WhiteElo "1431"]
[BlackElo "1624"]

1. e4 d5 2. exd5 Nf6 3. Nc3 Nxd5 4. Nge2 g6 5. Nxd5 Qxd5 6. Nc3 Qe5+ 7. Qe2
Nc6 8. Qxe5 Nxe5 9. d4 Nc6 10. Bb5 a6 11. Bxc6+ bxc6 12. Bf4 Bg7 13. Rd1 Ra7
14. O-O Bf5 15. Rd2 O-O 16. Re1 Re8 17. Ne4 e5 18. Nc5 e4 19. c3 Bf8 20. Rde2
Bxc5 21. dxc5 f6 22. f3 g5 23. fxe4 Bg4 24. Bg3 Bxe2 25. Rxe2 f5 26. e5 f4 27.
Bf2 Re6 28. Bd4 Kf7 29. Kf2 Ra8 30. Kf3 Kg6 31. Re1 Kf5 32. g4+ fxg3 33. Kxg3
h5 34. Rf1+ Kg6 35. Kg2 Kg7 36. Rf5 Kg6 37. Rf1 Rb8 38. b3 Kg7 39. Rf5 Kg6 40.
Rf1 Rg8 41. Kh3 Rg7 42. Rf8 Rf7 43. Rg8+ Kf5 44. Rh8 Kg6 45. Rg8+ Kf5 46. Rh8
h4 47. Rg8 Rg6 48. Rh8 Ke4 49. Kg4 Rf3 50. Kh5 Re6 51. Kxg5 Rxe5+ 52. Bxe5
Kxe5 53. Rxh4 Rxc3 54. Rf4 Rc2 55. h4 Rxa2 56. h5 Rg2+ 57. Rg4 Rxg4+ 58. Kxg4
Kf6 59. Kf4 a5 60. h6 Kg6 61. h7 Kxh7 62. Kf5 Kg7 63. Ke6 Kf8 64. Kd7 Kf7 65.
Kxc7 Ke8 66. Kxc6 Kd8 67. Kb7 {#r} 1-0